000 00696nam a2200241 a 4500
001 BRL_1189
005 20190320211056.0
008 221113s1968----it-a######---#000-0#ita-#
041 _aita
044 _ait
050 4 _aNA5621.V5
_b.B48 1968
100 1 _aBettini, Sergio
_912328
245 1 0 _aMosaici di San Marco
_cTesto di Sergio Bettini.
260 _aItaly
_bFratelli Fabbri
_c1968
300 _a72 p.
_bil. (algunas a color)
_c35 cm.
440 0 _aI Grandi decoratori
_v5
_926063
500 _aAu1382
504 _aBibliografía: p. 16
610 2 4 _aBasilica de San Marco (Venecia, Italia)
_926064
650 1 4 _aMosaicos
_zVenecia (Italia)
_926065
902 _aGRL
942 _2lcc
_cB
999 _c10001
_d10001